000 00970nam a2200253 i 4500
001 189771
003 ES-MaACL
005 20251009160652.0
008 191107s1962 sp |||| | lat d
245 0 0 _aSacrae Theologiae Summa.
_nIV /
_cauctoribus Iosepho A. de Aldama...[et al.].
250 _a4ª editio.
260 _aMatriti :
_bLa Editorial Católica,
_c1962.
300 _aXXIV, 1064 p. ;
_c20 cm.
490 1 _aBiblioteca de autores cristianos ;
_v73
505 8 _aContiene : De sacramentis ; De novissimis
546 _aTexto en latín.
594 _aEn anteport. : Patres Societatis Iesu Facultatum Theologicarum in Hispania Profesores.
594 _aEn anteport. : Iuxta Constitutionem Apostolicam "Deus scientiarum Dominus"
650 0 7 _aTeología
_2embne
_917457
700 1 _aAldama, José Antonio de,
_d1903-1980
_919598
830 0 0 _aBiblioteca de autores cristianos
_v73
_9178679
852 _aES-MaACL
_jP-1034-bis
999 _c189771
_d189771